|
|
|
|
| LEADER |
00000nab a2200000 a 4500 |
| 001 |
vtls000920045 |
| 003 |
SK-MaSNL |
| 005 |
20260303232625.0 |
| 008 |
040720e19930322xo 0 slo |
| 035 |
|
|
|a KE28922
|
| 040 |
|
|
|a KEVKJB
|b slo
|c KEVKJB
|e AACR2
|
| 041 |
0 |
|
|a slo
|
| 044 |
|
|
|a xo
|c SK
|
| 080 |
|
|
|a 894.511(437.6)
|2 1981
|
| 080 |
|
|
|a 061.7
|2 1981
|
| 100 |
0 |
|
|a Kazinczy, Ferenc,
|d 1759-1831
|4 aut
|9 108375
|
| 245 |
1 |
0 |
|a Kazinczy by sa potešil
|b V Košiciach o maďarčine
|
| 518 |
|
|
|a 19.-21.3.1993
|
| 611 |
1 |
7 |
|a Kazinczyho dni jazykovej kultúry, Košice
|2 KEVKJB
|9 882658
|
| 650 |
0 |
7 |
|a ročník 24.
|2 KEVKJB
|9 882288
|
| 650 |
0 |
7 |
|a maďarské školstvo
|2 KEVKJB
|9 522514
|
| 650 |
0 |
7 |
|a maďarčina
|2 KEVKJB
|9 1492
|
| 650 |
0 |
7 |
|a informácie
|2 KEVKJB
|9 1285
|
| 651 |
|
7 |
|a Košice (Slovensko)
|2 KEVKJB
|9 18694
|
| 651 |
|
7 |
|a KE,
|2 KEVKJB
|9 877256
|
| 655 |
|
7 |
|a periodikum
|2 snkbucl
|9 29553
|
| 773 |
0 |
8 |
|t Slovenský východ
|g Roč. 3
|g Roč. 20, č.67, 22.3.1993, s. 2
|
| 852 |
|
|
|a ZVYKNI
|b KIS3GCP
|
| 999 |
|
|
|c 2272877
|d 2274807
|